Efektívnosť výroby potravín môže zvýšiť iba jej zásadná reštrukturalizácia

Náklady na poľnohospodársku výrobu. Význam kalkulácie vlastných nákladov v poľnohospodárstve. Výnosy a náklady v r. 1994. Nízka úžitkovosť zvierat (chov hovädzieho dobytka). Poľnohospodárstvo - najväčší znečisťovateľ životného prostredia. Zmena štruktúry rastlinnej výroby. Nárast plochy obilnín, sln...

Ausführliche Beschreibung

Gespeichert in:
Bibliographische Detailangaben
1. Verfasser: Mičulík, Milan
Format: Buchkapitel
Sprache:Slowakisch
Schlagworte:
Tags: Tag hinzufügen
Keine Tags, Fügen Sie das erste Tag hinzu!

MARC

LEADER 00000naa a2200000 4500
001 r018302
005 20221213100758.3
041 0 |a slo 
044 |a SK 
245 1 0 |a Efektívnosť výroby potravín môže zvýšiť iba jej zásadná reštrukturalizácia  |c Milan Mičulík 
520 |a Náklady na poľnohospodársku výrobu. Význam kalkulácie vlastných nákladov v poľnohospodárstve. Výnosy a náklady v r. 1994. Nízka úžitkovosť zvierat (chov hovädzieho dobytka). Poľnohospodárstvo - najväčší znečisťovateľ životného prostredia. Zmena štruktúry rastlinnej výroby. Nárast plochy obilnín, slnečnice, repky ozimnej, zeleniny a strukovín. Pokles plochy cukrovej repy, zemiakov a niektorých kęmnych plodín. 
610 2 0 |a výroba poľnohospodárska 
610 2 0 |a výroba rastlinná 
610 2 0 |a výroba živočíšna 
610 2 0 |a náklady výrobné 
610 2 0 |a reštrukturalizácia 
610 2 0 |a kalkulácia nákladov 
100 1 |a Mičulík, Milan